000 00785cam a22002531 4500
001 sa 67001889
003 DLC
005 20260227112326.0
008 870305s1962 ii ac b 000 0bhin
010 _asa 67001889
035 _a(OCoLC)15276031
040 _aDLC
_cNRU
_dNRU
_dDLC
042 _apremarc
043 _aa-ii---
050 0 0 _aDS478
_b.J48
100 1 _aJha, Kamal Narain,
_d1909-
245 1 0 _aNānā Sāhaba.
_c[Lekhaka] Kamalanārāyaṇa Jha 'Kamlesa'. Prakkathana-lekhaka SriGaṅgananda Siṅgha.
260 _aPatanā,
_bJñānapitha
_c[1962]
300 _a18, 135, iv p.
_billus., ports.
_c19 cm.
500 _aIn Hindi.
504 _aBibliography: p. [i]-iv.
600 0 0 _aNana Sahib,
_d1820?-1859?
651 0 _aIndia
_xHistory
_ySepoy Rebellion, 1857-1858.
999 _c72910
_d72910